Score 0/5 Timer 00:15
0 Plays Today
% Correct
90.6%
90%
88.8%
87.3%
83.1%
Remove Ads.
Support Sporcle.
Get the best of Sporcle when you Go Orange. This ad-free experience offers more features, more stats, and more fun while also helping to support Sporcle. Thank you for becoming a member.

You're not logged in!

Compare scores with friends on all Sporcle quizzes.
OR
Log In

Show Comments

Extras

Top Quizzes Today

Top Quizzes Today in Holiday

Top Quizzes with Similar Tags

  1. Pick 5 in 15: Restaurant Logos1

Score Distribution

Your Account Isn't Verified!

In order to create a playlist on Sporcle, you need to verify the email address you used during registration. Go to your Sporcle Settings to finish the process.

Report this User

Report this user for behavior that violates our Community Guidelines.

Details: